[Event "3rd Washington Int 2014"]
[Site "Rockville USA"]
[Date "2014.08.11"]
[Round "6.6"]
[White "Zherebukh, Y."]
[Black "Kiewra, K."]
[Result "1-0"]
[WhiteElo "2625"]
[BlackElo "2392"]
[PlyCount "127"]
[EventDate "2014.08.09"]
[EventType "swiss"]
[EventRounds "9"]
[EventCountry "USA"]
[Source "Mark Crowther"]
[SourceDate "2014.08.18"]

1. d4 Nf6 2. Nf3 g6 3. Nbd2 d5 4. e3 Bg7 5. b4 O-O 6. Bb2 Bf5 7. Be2 Ne4 8. O-O
Nd7 9. c4 Nxd2 10. Nxd2 e5 11. cxd5 exd4 12. e4 d3 13. Bxg7 dxe2 14. Qxe2 Kxg7
15. exf5 Nf6 16. fxg6 hxg6 17. Nf3 Nxd5 18. Qe5+ Kg8 19. Rfd1 c6 20. b5 Re8 21.
Qd4 Qb6 22. bxc6 bxc6 23. Rac1 Rad8 24. h3 Qxd4 25. Rxd4 Rc8 26. Ra4 Rc7 27.
Nd4 Re4 28. Rac4 Nf4 29. R1c2 c5 30. Nb5 Rxc4 31. Rxc4 Rb7 32. Rxc5 Nd3 33. Rd5
a6 34. Nc3 Nf4 35. Rd2 Rc7 36. Ne4 Rc4 37. Ng5 f6 38. Rd8+ Kg7 39. Rd7+ Kg8 40.
Nf3 Ra4 41. Rd2 Kf7 42. h4 Ke6 43. g3 Nd5 44. Nd4+ Ke5 45. Nb3 Nc3 46. Nc1 Ne4
47. Rc2 Kd4 48. Kg2 Rc4 49. Ne2+ Kd3 50. Rxc4 Kxc4 51. Kf3 Nd6 52. Nf4 Kb4 53.
Nxg6 Ka3 54. Kf4 Kxa2 55. h5 Nf7 56. Kf5 a5 57. Kxf6 Nh6 58. g4 Nxg4+ 59. Kg5
Nxf2 60. Kf5 a4 61. h6 a3 62. h7 Kb1 63. h8=Q a2 64. Qb8+ 1-0

[Event "3rd Washington Int 2014"]
[Site "Rockville USA"]
[Date "2014.08.11"]
[Round "6.7"]
[White "Brattain, Mika A"]
[Black "Homa, S."]
[Result "1/2-1/2"]
[WhiteElo "2352"]
[BlackElo "2378"]
[PlyCount "65"]
[EventDate "2014.08.09"]
[EventType "swiss"]
[EventRounds "9"]
[EventCountry "USA"]
[Source "Mark Crowther"]
[SourceDate "2014.08.18"]

1. c4 e5 2. Nc3 Bb4 3. Nd5 Be7 4. d4 d6 5. e4 Nf6 6. Nxe7 Qxe7 7. f3 exd4 8.
Qxd4 Nc6 9. Qc3 O-O 10. Ne2 Nh5 11. g4 Qh4+ 12. Kd1 Nf6 13. Ng3 Be6 14. Be3 Ne5
15. Be2 a6 16. Kc2 b5 17. c5 Nfd7 18. Qd2 Qe7 19. cxd6 cxd6 20. b3 Rfc8+ 21.
Kb2 Nc5 22. g5 Rab8 23. Rac1 Qb7 24. Qxd6 Nc4+ 25. Bxc4 Na4+ 26. Ka1 bxc4 27.
b4 Qxb4 28. Qxb4 Rxb4 29. Rc2 c3 30. Ne2 Kf8 31. Rhc1 Rbc4 32. Bd4 g6 33. Bf6
1/2-1/2

[Event "3rd Washington Int 2014"]
[Site "Rockville USA"]
[Date "2014.08.11"]
[Round "6"]
[White "Xiong, Jeffery"]
[Black "Sarkar, J."]
[Result "1-0"]
[WhiteElo "2442"]
[BlackElo "2399"]
[PlyCount "85"]
[EventDate "2014.08.09"]
[EventType "swiss"]
[EventRounds "9"]
[EventCountry "USA"]
[Source "Mark Crowther"]
[SourceDate "2014.08.18"]

1. e4 g6 2. d4 Bg7 3. Nf3 d6 4. h3 Nf6 5. Bd3 O-O 6. O-O Nc6 7. c3 e5 8. Re1
Re8 9. Na3 d5 10. exd5 Nxd5 11. Bg5 f6 12. Bh4 exd4 13. Rxe8+ Qxe8 14. Nb5 a6
15. Nbxd4 Nxd4 16. Nxd4 Qf7 17. Qb3 c6 18. Re1 Bf8 19. Bc4 Kg7 20. Bxd5 Qxd5
21. Ne6+ Bxe6 22. Qxb7+ Bf7 23. Qxa8 g5 24. Bg3 Qd2 25. Re8 Bxe8 26. Qxe8 Qxb2
27. Qd7+ Kg6 28. Qxc6 Qxa2 29. c4 a5 30. c5 Qc4 31. Qe8+ Qf7 32. Qa4 Bxc5 33.
Qc2+ f5 34. Qxc5 f4 35. Bh2 Qb3 36. Kh1 a4 37. f3 a3 38. Bg1 a2 39. Bd4 Qb1+
40. Kh2 a1=Q 41. Qc6+ Kh5 42. Qe8+ Kh6 43. Qf8+ 1-0

[Event "3rd Washington Int 2014"]
[Site "Rockville USA"]
[Date "2014.08.11"]
[Round "6"]
[White "Enkhbat, T1."]
[Black "Bregadze, L."]
[Result "1-0"]
[WhiteElo "2399"]
[BlackElo "2435"]
[PlyCount "113"]
[EventDate "2014.08.09"]
[EventType "swiss"]
[EventRounds "9"]
[EventCountry "USA"]
[Source "Mark Crowther"]
[SourceDate "2014.08.18"]

1. d4 d5 2. c4 dxc4 3. e3 Nf6 4. Bxc4 e6 5. Nf3 a6 6. O-O c5 7. Bb3 Nc6 8. Nc3
Be7 9. Qe2 cxd4 10. Rd1 O-O 11. Nxd4 Qe8 12. e4 Na5 13. Bc2 e5 14. Nf3 Bg4 15.
h3 Bxf3 16. Qxf3 Nc6 17. Be3 Rd8 18. Nd5 Nb4 19. Ba4 b5 20. Bb3 Nbxd5 21. exd5
Bd6 22. Rac1 Rc8 23. Qf5 Nd7 24. Rxc8 Qxc8 25. Rc1 g6 26. Rxc8 gxf5 27. Rc6 Bb4
28. a3 Be7 29. d6 Bf6 30. Rc7 Rd8 31. Ra7 f4 32. Bd2 Nc5 33. Bxf7+ Kh8 34. Bb4
Nd3 35. d7 Nxb4 36. axb4 e4 37. Be8 Bxb2 38. Rxa6 Bc3 39. Ra5 e3 40. fxe3 fxe3
41. Kf1 Bxb4 42. Rxb5 Bd2 43. Ke2 Kg7 44. Rf5 Kh6 45. Rc5 Kg7 46. Rc8 Ba5 47.
Kxe3 Kf6 48. Ke4 Ke7 49. Rc5 Bb4 50. Rh5 Ra8 51. Rxh7+ Kd8 52. Bh5 Bc3 53. Bg4
Bb2 54. Rf7 Ba3 55. Rg7 Bf8 56. Rg8 Ke7 57. Rg6 1-0

[Event "3rd Washington Int 2014"]
[Site "Rockville USA"]
[Date "2014.08.11"]
[Round "6"]
[White "Kaufman, La"]
[Black "Barron, M."]
[Result "1-0"]
[WhiteElo "2320"]
[BlackElo "2177"]
[PlyCount "157"]
[EventDate "2014.08.09"]
[EventType "swiss"]
[EventRounds "9"]
[EventCountry "USA"]
[Source "Mark Crowther"]
[SourceDate "2014.08.18"]

1. d4 f5 2. Bg5 d5 3. e3 Nd7 4. c4 c6 5. Nc3 Qa5 6. cxd5 cxd5 7. Bd3 e6 8. Nge2
h6 9. Bf4 Ngf6 10. O-O a6 11. a3 b5 12. b4 Qb6 13. Rb1 g5 14. Bg3 Bd6 15. a4
Bxg3 16. Nxg3 bxa4 17. Nxa4 Qd6 18. Nc5 O-O 19. h3 Ne4 20. Qh5 Kg7 21. Ngxe4
fxe4 22. Nxe4 dxe4 23. Bxe4 e5 24. dxe5 Nxe5 25. Bxa8 Bf5 26. Rbd1 Qxb4 27. Bd5
Bd3 28. Rfe1 Bc2 29. f4 Bxd1 30. Rxd1 Ng6 31. fxg5 hxg5 32. Qxg5 Qb5 33. Qg3
Qa4 34. Rc1 Rf6 35. Kh2 Kh6 36. e4 Qd4 37. h4 Qe5 38. Rc6 Nf4 39. Rxf6+ Qxf6
40. Bc4 a5 41. Qf2 Qe5 42. g3 Ng6 43. Qf5 Nxh4 44. Qf8+ Kh5 45. Be2+ Kg6 46.
Qf4 Qxf4 47. gxf4 Kf6 48. Kg3 Ng6 49. Bd1 Ne7 50. e5+ Kf5 51. Bc2+ Ke6 52. Kg4
Kd5 53. Kg5 Kd4 54. Bb3 Ke4 55. e6 Ng6 56. Ba4 Ne7 57. f5 Ke5 58. Bc2 a4 59.
Bb1 Nd5 60. Ba2 a3 61. Bxd5 Kxd5 62. e7 a2 63. e8=Q a1=Q 64. Qe6+ Kc5 65. f6
Qc1+ 66. Kg6 Qg1+ 67. Kf7 Qg3 68. Qe7+ Kd5 69. Qd8+ Kc6 70. Kf8 Qh4 71. Qe8+
Kc7 72. Qe5+ Kd7 73. f7 Qb4+ 74. Kg8 Qg4+ 75. Qg7 Qc4 76. Qg5 Qb3 77. Qf5+ Ke7
78. Qe5+ Kd7 79. Kg7 1-0

[Event "3rd Washington Int 2014"]
[Site "Rockville USA"]
[Date "2014.08.12"]
[Round "7"]
[White "Nyzhnyk, I."]
[Black "Azarov, S."]
[Result "1/2-1/2"]
[WhiteElo "2639"]
[BlackElo "2635"]
[PlyCount "37"]
[EventDate "2014.08.09"]
[EventType "swiss"]
[EventRounds "9"]
[EventCountry "USA"]
[Source "Mark Crowther"]
[SourceDate "2014.08.18"]

1. d4 Nf6 2. c4 e6 3. Nf3 d5 4. Nc3 Be7 5. Bf4 O-O 6. a3 b6 7. e3 c5 8. Qc2
cxd4 9. Nxd4 Bb7 10. Rd1 Nbd7 11. cxd5 e5 12. Nc6 Bxc6 13. dxc6 exf4 14. exf4
Bxa3 15. bxa3 Qe8+ 16. Qe2 Nb8 17. Qxe8 Rxe8+ 18. Be2 Nxc6 19. O-O 1/2-1/2

[Event "3rd Washington Int 2014"]
[Site "Rockville USA"]
[Date "2014.08.12"]
[Round "7"]
[White "Sevian, Samuel"]
[Black "Smith, Bry"]
[Result "1/2-1/2"]
[WhiteElo "2454"]
[BlackElo "2478"]
[PlyCount "48"]
[EventDate "2014.08.09"]
[EventType "swiss"]
[EventRounds "9"]
[EventCountry "USA"]
[Source "Mark Crowther"]
[SourceDate "2014.08.18"]

1. e4 c5 2. Nf3 g6 3. d4 cxd4 4. Nxd4 Bg7 5. c4 Nc6 6. Be3 Nf6 7. Nc3 O-O 8.
Be2 d6 9. O-O Bd7 10. Rc1 Nxd4 11. Bxd4 Bc6 12. f3 a5 13. Kh1 Nd7 14. Be3 a4
15. Rc2 Nc5 16. Nb5 Qa5 17. Bd2 Qb6 18. Bg5 Rfe8 19. Qd2 Bxb5 20. cxb5 Ne6 21.
Be3 Bd4 22. Bh6 Bg7 23. Be3 Bd4 24. Bh6 Bg7 1/2-1/2

[Event "3rd Washington Int 2014"]
[Site "Rockville USA"]
[Date "2014.08.12"]
[Round "7.4"]
[White "Chandra, Akshat"]
[Black "Margvelashvili, G."]
[Result "1-0"]
[WhiteElo "2472"]
[BlackElo "2556"]
[PlyCount "118"]
[EventDate "2014.08.09"]
[EventType "swiss"]
[EventRounds "9"]
[EventCountry "USA"]
[Source "Mark Crowther"]
[SourceDate "2014.08.18"]

1. d4 Nf6 2. c4 e6 3. Nc3 c5 4. d5 exd5 5. cxd5 d6 6. Nf3 g6 7. Bf4 a6 8. a4
Bg7 9. h3 O-O 10. e3 Re8 11. Nd2 Nbd7 12. Be2 Ne5 13. O-O Nfd7 14. Bh2 f5 15.
Qc2 Qf6 16. Kh1 Nf7 17. Nc4 b6 18. Ra3 Rb8 19. Rb3 Qe7 20. Re1 Nfe5 21. Nd2 Bb7
22. Bf1 Qd8 23. e4 c4 24. Ra3 Qh4 25. Bg3 Qg5 26. exf5 gxf5 27. Raa1 Rbc8 28.
Nxc4 Nxc4 29. Rxe8+ Rxe8 30. Bxc4 f4 31. Bh2 Ne5 32. Qe4 Rf8 33. f3 Nxc4 34.
Qxc4 Bxc3 35. Qxc3 Qxd5 36. Re1 Rc8 37. Qf6 Rf8 38. Qh6 Bc6 39. Bxf4 Re8 40.
Rxe8+ Bxe8 41. Bxd6 Qf5 42. Qe3 Bxa4 43. Qxb6 Bb5 44. Qd8+ Kf7 45. Qf8+ Ke6 46.
Qxf5+ Kxf5 47. g4+ Kf6 48. Kg2 Bc4 49. Bb4 Bb5 50. Kg3 Bf1 51. f4 Kf7 52. f5
Kf6 53. Bc3+ Kf7 54. h4 Bb5 55. h5 Be2 56. h6 Ke7 57. g5 Bd3 58. Kf4 Kf7 59.
g6+ Kg8 1-0

[Event "3rd Washington Int 2014"]
[Site "Rockville USA"]
[Date "2014.08.12"]
[Round "7.5"]
[White "Chirila, I."]
[Black "Xiong, Jeffery"]
[Result "1-0"]
[WhiteElo "2515"]
[BlackElo "2442"]
[PlyCount "99"]
[EventDate "2014.08.09"]
[EventType "swiss"]
[EventRounds "9"]
[EventCountry "USA"]
[Source "Mark Crowther"]
[SourceDate "2014.08.18"]

1. d4 Nf6 2. c4 e6 3. Nf3 Bb4+ 4. Nbd2 b6 5. a3 Bxd2+ 6. Qxd2 O-O 7. e3 a5 8.
b3 Bb7 9. Be2 d6 10. O-O Nbd7 11. Bb2 Ne4 12. Qc2 f5 13. Rfd1 Ndf6 14. Nd2 Nxd2
15. Qxd2 Ne4 16. Qe1 Qg5 17. d5 Rae8 18. f4 Qe7 19. b4 Ra8 20. Rac1 axb4 21.
axb4 Nf6 22. Bf3 Rfe8 23. Qd2 Rab8 24. h3 Kh8 25. Qf2 Ba8 26. g4 Bb7 27. gxf5
exf5 28. Bd4 Ne4 29. Bxe4 Qxe4 30. b5 Ra8 31. Kh2 Kg8 32. Rg1 g6 33. Rg2 Qe7
34. Rcg1 Kf7 35. Rg5 Rg8 36. R1g2 h6 37. R5g3 Qe4 38. h4 Qd3 39. h5 Qd1 40.
hxg6+ Ke8 41. Rh3 Ra4 42. Rg1 Qb3 43. e4 Qxc4 44. Rc3 Qxb5 45. Rxc7 Rxd4 46.
Qxd4 Qe2+ 47. Rg2 Qh5+ 48. Kg1 Ba6 49. exf5 Qf3 50. Rc3 1-0

[Event "3rd Washington Int 2014"]
[Site "Rockville USA"]
[Date "2014.08.12"]
[Round "7"]
[White "Mulyar, M."]
[Black "Troff, Kayden W"]
[Result "1/2-1/2"]
[WhiteElo "2411"]
[BlackElo "2514"]
[PlyCount "49"]
[EventDate "2014.08.09"]
[EventType "swiss"]
[EventRounds "9"]
[EventCountry "USA"]
[Source "Mark Crowther"]
[SourceDate "2014.08.18"]

1. d4 Nf6 2. Nf3 g6 3. c4 Bg7 4. Nc3 d5 5. cxd5 Nxd5 6. e4 Nxc3 7. bxc3 c5 8.
Rb1 O-O 9. Be2 b6 10. O-O Qc7 11. Bg5 Bb7 12. Qd3 Nd7 13. Qe3 e6 14. e5 Rae8
15. Bb5 Rc8 16. Nd2 Bc6 17. Ne4 Bxb5 18. Rxb5 Qc6 19. Nd6 Rc7 20. Rb3 Qd5 21.
Bh6 cxd4 22. cxd4 Bxh6 23. Qxh6 f6 24. Nb5 Rb7 25. Nd6 1/2-1/2

[Event "3rd Washington Int 2014"]
[Site "Rockville USA"]
[Date "2014.08.12"]
[Round "7"]
[White "Ostrovskiy, Al"]
[Black "Barbosa, O PHI."]
[Result "0-1"]
[WhiteElo "2410"]
[BlackElo "2551"]
[PlyCount "62"]
[EventDate "2014.08.09"]
[EventType "swiss"]
[EventRounds "9"]
[EventCountry "USA"]
[Source "Mark Crowther"]
[SourceDate "2014.08.18"]

1. e4 e5 2. Nf3 Nc6 3. Bb5 Nf6 4. O-O Nxe4 5. d4 Nd6 6. Bxc6 dxc6 7. dxe5 Nf5
8. Qxd8+ Kxd8 9. Nc3 h6 10. b3 a5 11. Bb2 Bb4 12. g4 Ne7 13. h3 h5 14. Ng5 Ke8
15. Nce4 Nd5 16. a3 Be7 17. f3 a4 18. Rfe1 Be6 19. b4 b6 20. Rad1 Rd8 21. Bc1
b5 22. Kg2 Nb6 23. Rxd8+ Bxd8 24. Kg3 hxg4 25. hxg4 Nc4 26. f4 Bd5 27. Rf1 f6
28. exf6 gxf6 29. Nf3 Bxe4 30. Re1 Nd6 31. Nd2 Rh1 0-1

[Event "3rd Washington Int 2014"]
[Site "Rockville USA"]
[Date "2014.08.12"]
[Round "7"]
[White "Paragua, M."]
[Black "Viswanadha, Kesav"]
[Result "1-0"]
[WhiteElo "2487"]
[BlackElo "2253"]
[PlyCount "111"]
[EventDate "2014.08.09"]
[EventType "swiss"]
[EventRounds "9"]
[EventCountry "USA"]
[Source "Mark Crowther"]
[SourceDate "2014.08.18"]

1. d4 Nf6 2. Bg5 Ne4 3. Bf4 c5 4. d5 Qb6 5. Nd2 Qxb2 6. Nxe4 Qb4+ 7. c3 Qxe4 8.
e3 g5 9. Bg3 Bg7 10. Rc1 d6 11. h4 g4 12. Ne2 Nd7 13. Nf4 c4 14. Be2 Ne5 15.
O-O Bh6 16. Qd4 Bf5 17. Nh5 b5 18. Bf4 Bxf4 19. exf4 Ng6 20. Qd2 Nxh4 21. f3
gxf3 22. Ng7+ Kf8 23. gxf3 Nxf3+ 24. Bxf3 Qd3 25. Qf2 Bh3 26. Rfe1 Qg6+ 27. Kh2
Qh6 28. Nh5 Bf5 29. Qh4 f6 30. Rg1 Rc8 31. Bg4 Bxg4 32. Qxg4 Rc5 33. Rce1 Rc7
34. Re3 Qg6 35. Qh3 Qf7 36. Ng7 Qxg7 37. Rxg7 Kxg7 38. Rg3+ Kf8 39. Qh6+ Ke8
40. Qg7 Rf8 41. Qxh7 Kd8 42. Rg8 Rxg8 43. Qxg8+ Kd7 44. Qb8 a6 45. Qb6 Rc5 46.
Qb7+ Ke8 47. Qxa6 Kf7 48. Qb7 f5 49. Kg3 Kg8 50. Qa8+ Kf7 51. Kh4 Rc7 52. Kg5
b4 53. Qb8 Rc5 54. Qxb4 Rxd5 55. Qxc4 Ke6 56. a4 1-0

[Event "3rd Washington Int 2014"]
[Site "Rockville USA"]
[Date "2014.08.12"]
[Round "7"]
[White "Yang, Dar"]
[Black "Harmon, L."]
[Result "1-0"]
[WhiteElo "2478"]
[BlackElo "2407"]
[PlyCount "103"]
[EventDate "2014.08.09"]
[EventType "swiss"]
[EventRounds "9"]
[EventCountry "USA"]
[Source "Mark Crowther"]
[SourceDate "2014.08.18"]

1. d4 Nf6 2. c4 e6 3. g3 d5 4. Nf3 dxc4 5. Bg2 Be7 6. O-O O-O 7. Ne5 Nc6 8.
Bxc6 bxc6 9. Nxc6 Qe8 10. Nxe7+ Qxe7 11. Qa4 e5 12. dxe5 Qxe5 13. Nc3 Be6 14.
Bf4 Qc5 15. Rad1 Bh3 16. Rfe1 Rab8 17. Be3 Qf5 18. Qxc4 Rxb2 19. Qxc7 h6 20.
Qf4 Qxf4 21. Bxf4 Rc8 22. Rc1 Be6 23. Be5 Nd7 24. Bd4 a6 25. f3 Nb8 26. Kf2 Rd8
27. Red1 Nc6 28. Be3 Bc4 29. Rxd8+ Nxd8 30. Rd1 Nc6 31. Rd2 Rxd2 32. Bxd2 h5
33. a3 Kf8 34. e4 Ke7 35. f4 g6 36. Ke3 Kd6 37. e5+ Ke6 38. Ne4 Bf1 39. Ng5+
Ke7 40. Bb4+ Ke8 41. Bd6 Bc4 42. f5 gxf5 43. Nh7 Bb3 44. Nf6+ Kd8 45. Nxh5 Kd7
46. Kf4 Bd1 47. Nf6+ Ke6 48. h4 Nd4 49. h5 Ne2+ 50. Kg5 f4 51. h6 Bc2 52. gxf4
1-0

[Event "3rd Washington Int 2014"]
[Site "Rockville USA"]
[Date "2014.08.12"]
[Round "7"]
[White "Melekhina, A."]
[Black "Corrales Jimenez, F."]
[Result "0-1"]
[WhiteElo "2150"]
[BlackElo "2566"]
[PlyCount "96"]
[EventDate "2014.08.09"]
[EventType "swiss"]
[EventRounds "9"]
[EventCountry "USA"]
[Source "Mark Crowther"]
[SourceDate "2014.08.18"]

1. e4 d6 2. g3 h5 3. h3 e5 4. Bg2 Be7 5. c3 h4 6. g4 Bg5 7. Nf3 Bf4 8. d4 Bxc1
9. Qxc1 Nc6 10. Na3 Nge7 11. Qg5 Ng6 12. Qxd8+ Nxd8 13. O-O Ne6 14. dxe5 dxe5
15. Nc4 f6 16. Rfd1 Ngf4 17. Bf1 Bd7 18. Ne1 O-O-O 19. Nd3 Bb5 20. Nxf4 Nxf4
21. Kh2 Rxd1 22. Rxd1 Bxc4 23. Bxc4 Rd8 24. Rxd8+ Kxd8 25. f3 Kd7 26. Bf1 c5
27. c4 Kc6 28. Kg1 a6 29. Kf2 b5 30. cxb5+ axb5 31. b3 Kb6 32. Ke3 Ka5 33. a3
c4 34. bxc4 bxc4 35. Kd2 Ka4 36. Kc3 Kxa3 37. Kxc4 Kb2 38. Kc5 Kc3 39. Kd6 Kd2
40. g5 Ke1 41. gxf6 gxf6 42. Bb5 Nxh3 43. Bd7 Ng5 44. Ke7 Nxf3 45. Kxf6 Kf2 46.
Bg4 Kg3 47. Bxf3 Kxf3 48. Kxe5 h3 0-1

[Event "3rd Washington Int 2014"]
[Site "Rockville USA"]
[Date "2014.08.12"]
[Round "7"]
[White "Kiewra, K."]
[Black "Kaufman, La"]
[Result "0-1"]
[WhiteElo "2392"]
[BlackElo "2320"]
[PlyCount "140"]
[EventDate "2014.08.09"]
[EventType "swiss"]
[EventRounds "9"]
[EventCountry "USA"]
[Source "Mark Crowther"]
[SourceDate "2014.08.18"]

1. d4 d5 2. c4 c6 3. Nf3 Nf6 4. Nc3 dxc4 5. a4 Bf5 6. Ne5 Nbd7 7. Nxc4 Nb6 8.
Ne5 a5 9. g3 e6 10. Bg2 Bb4 11. O-O O-O 12. e3 h6 13. Qe2 Bh7 14. Rd1 Qe7 15.
e4 Rfd8 16. Bf4 Nfd7 17. Nd3 Bd6 18. Be3 Nc4 19. Bc1 Ncb6 20. b3 e5 21. dxe5
Nxe5 22. Be3 Nbd7 23. Nxe5 Bxe5 24. Rac1 Qb4 25. Rd3 Nf6 26. Na2 Qe7 27. Bb6
Rxd3 28. Qxd3 Bc7 29. Bxc7 Qxc7 30. Rd1 Bg6 31. Qd4 Re8 32. Nc3 Qe5 33. f3
Qxd4+ 34. Rxd4 Kf8 35. Kf2 Ke7 36. b4 Rd8 37. Rxd8 Kxd8 38. bxa5 Nd7 39. f4 f6
40. Ke3 Nc5 41. Bf1 Bf7 42. h4 Ke7 43. g4 Bb3 44. Kd4 Ne6+ 45. Ke3 Nc5 46. Bc4
Bxc4 47. Kd4 Ne6+ 48. Kxc4 Nxf4 49. Kc5 Kd7 50. Kb6 Kc8 51. a6 bxa6 52. Kxc6
Ng2 53. h5 Ne3 54. Kb6 Nxg4 55. Kxa6 Ne5 56. Kb6 g5 57. Kc5 Nd3+ 58. Kc6 Nf4
59. a5 g4 60. a6 Kb8 61. Nd5 Ne6 62. Ne3 g3 63. Kb6 Ka8 64. a7 Nf4 65. Ka6 g2
66. Nxg2 Nxg2 67. Kb6 Nf4 68. Kc6 Nxh5 69. Kd6 Nf4 70. e5 f5 0-1

[Event "3rd Washington Int 2014"]
[Site "Rockville USA"]
[Date "2014.08.12"]
[Round "7"]
[White "Homa, S."]
[Black "Del Mundo, A."]
[Result "1-0"]
[WhiteElo "2378"]
[BlackElo "2291"]
[PlyCount "107"]
[EventDate "2014.08.09"]
[EventType "swiss"]
[EventRounds "9"]
[EventCountry "USA"]
[Source "Mark Crowther"]
[SourceDate "2014.08.18"]

1. d4 d5 2. Nf3 e6 3. c4 c5 4. cxd5 exd5 5. g3 Nc6 6. Bg2 Nf6 7. O-O Be7 8. Be3
c4 9. Ne5 O-O 10. b3 cxb3 11. Qxb3 Na5 12. Qd3 g6 13. Bg5 Bf5 14. Qb5 a6 15.
Qb2 Ne4 16. Bxe7 Qxe7 17. Nc3 f6 18. Nxd5 Qd6 19. Nb6 fxe5 20. Nxa8 Rxa8 21.
dxe5 Qd2 22. Qxd2 Nxd2 23. Bd5+ Kf8 24. Rfd1 Ndc4 25. Rac1 Rd8 26. e4 Bh3 27.
Bxc4 Rxd1+ 28. Rxd1 Nxc4 29. Rd8+ Kf7 30. Rh8 h5 31. Rh7+ Kg8 32. Rxb7 Nxe5 33.
f4 Nc4 34. Rc7 Nd2 35. Rc6 Kf7 36. e5 a5 37. Rf6+ Kg7 38. Ra6 Nc4 39. Rc6 Nb2
40. Rc2 Nd3 41. Rc7+ Kf8 42. Ra7 g5 43. fxg5 Nxe5 44. Rxa5 Nf3+ 45. Kf2 Nxh2
46. Ke3 Bg4 47. Kf4 Nf3 48. Ra7 Nd4 49. g6 Ne2+ 50. Kg5 Nxg3 51. g7+ Kg8 52.
Kg6 Bf5+ 53. Kf6 Bc8 54. Re7 1-0

[Event "3rd Washington Int 2014"]
[Site "Rockville USA"]
[Date "2014.08.12"]
[Round "7"]
[White "Barron, M."]
[Black "Oussedik, E."]
[Result "1/2-1/2"]
[WhiteElo "2177"]
[BlackElo "2100"]
[PlyCount "98"]
[EventDate "2014.08.09"]
[EventType "swiss"]
[EventRounds "9"]
[EventCountry "USA"]
[Source "Mark Crowther"]
[SourceDate "2014.08.18"]

1. e4 c5 2. Nf3 e6 3. d4 cxd4 4. Nxd4 a6 5. Bd3 Nf6 6. O-O d6 7. c4 b6 8. Nc3
Bb7 9. b3 Be7 10. Bb2 O-O 11. Qe2 Nbd7 12. Rad1 Qc7 13. Kh1 Rfe8 14. f4 g6 15.
f5 exf5 16. exf5 Bf8 17. Qd2 Ng4 18. Qf4 Nde5 19. Be4 Bh6 20. Qg3 Ne3 21. fxg6
hxg6 22. Nf5 Nxf5 23. Rxf5 Bg7 24. Bxb7 Qxb7 25. Rf2 b5 26. Nd5 bxc4 27. Nf6+
Bxf6 28. Rxf6 cxb3 29. axb3 Rac8 30. Rfxd6 Rc2 31. R6d2 Rxd2 32. Rxd2 Qe4 33.
h3 a5 34. Qc3 Qe1+ 35. Kh2 Qe4 36. Rd1 Qf4+ 37. Kh1 Re6 38. Re1 f6 39. Rd1 Re7
40. Ba3 Rf7 41. Bd6 Qf5 42. Qxa5 Rd7 43. Qd5+ Nf7 44. Qc4 Kg7 45. Qc6 Rxd6 46.
Rxd6 Nxd6 47. Qxd6 Qb1+ 48. Kh2 Qxb3 49. Qe7+ Qf7 1/2-1/2

[Event "3rd Washington Int 2014"]
[Site "Rockville USA"]
[Date "2014.08.12"]
[Round "7"]
[White "Shetty, A."]
[Black "Li, Ruifeng"]
[Result "1/2-1/2"]
[WhiteElo "2346"]
[BlackElo "2284"]
[PlyCount "80"]
[EventDate "2014.08.09"]
[EventType "swiss"]
[EventRounds "9"]
[EventCountry "USA"]
[Source "Mark Crowther"]
[SourceDate "2014.08.18"]

1. c4 c5 2. g3 Nc6 3. Bg2 g6 4. Nc3 Bg7 5. Nf3 d6 6. O-O Nf6 7. d4 cxd4 8. Nxd4
Bd7 9. Nxc6 bxc6 10. c5 d5 11. e4 dxe4 12. Nxe4 O-O 13. Nxf6+ Bxf6 14. Qa4 Qc7
15. Bf4 Qb7 16. Rad1 Rac8 17. b4 Bg4 18. Rc1 Rfd8 19. Rfe1 Bf5 20. Red1 Rxd1+
21. Rxd1 Bg4 22. Rc1 Be2 23. Qb3 Bg4 24. a4 Be6 25. Qa3 a6 26. Rd1 h5 27. h4
Kg7 28. Be4 Bg4 29. Rd2 Be6 30. Kh2 Kg8 31. Kg1 Kg7 32. Kg2 Kg8 33. Rd1 Kg7 34.
Rb1 Qd7 35. Qf3 Bf5 36. Bxf5 Qxf5 37. Rd1 Qc2 38. a5 Qc4 39. Qd3 Qxd3 40. Rxd3
e5 1/2-1/2

[Event "3rd Washington Int 2014"]
[Site "Rockville USA"]
[Date "2014.08.13"]
[Round "8.1"]
[White "Zherebukh, Y."]
[Black "Azarov, S."]
[Result "0-1"]
[WhiteElo "2625"]
[BlackElo "2635"]
[PlyCount "82"]
[EventDate "2014.08.09"]
[EventType "swiss"]
[EventRounds "9"]
[EventCountry "USA"]
[Source "Mark Crowther"]
[SourceDate "2014.08.18"]

1. c4 e6 2. Nc3 d5 3. d4 Be7 4. cxd5 exd5 5. Bf4 c6 6. Qc2 Bd6 7. Bxd6 Qxd6 8.
e3 Nf6 9. h3 O-O 10. Bd3 b6 11. Nge2 Ba6 12. O-O-O Bxd3 13. Qxd3 b5 14. g4 b4
15. Na4 Ne4 16. Rhf1 Nd7 17. Kb1 Nb6 18. Qc2 Nc4 19. Nf4 Rab8 20. Nd3 b3 21.
Qc1 bxa2+ 22. Ka1 Na5 23. Nac5 Rb5 24. Qc2 Rfb8 25. Rfe1 Nxc5 26. Nxc5 Rxb2 27.
Qxb2 Rxb2 28. Kxb2 Nc4+ 29. Ka1 Qh2 30. Re2 Qxh3 31. Rg1 Qh2 32. Rc1 Qg2 33.
Rxa2 Qxg4 34. Rxa7 h5 35. Nd7 h4 36. Rb1 Qf3 37. Nf8 Qxf2 38. Ra8 Qxe3 39. Rbb8
Qxd4+ 40. Ka2 Qd2+ 41. Ka1 h3 0-1

[Event "3rd Washington Int 2014"]
[Site "Rockville USA"]
[Date "2014.08.13"]
[Round "8.2"]
[White "Chandra, Akshat"]
[Black "Nyzhnyk, I."]
[Result "1/2-1/2"]
[WhiteElo "2472"]
[BlackElo "2639"]
[PlyCount "84"]
[EventDate "2014.08.09"]
[EventType "swiss"]
[EventRounds "9"]
[EventCountry "USA"]
[Source "Mark Crowther"]
[SourceDate "2014.08.18"]

1. e4 c5 2. Nf3 Nc6 3. Bb5 e6 4. O-O Nge7 5. Re1 a6 6. Bf1 d5 7. exd5 Nxd5 8.
d4 Nf6 9. Be3 Be7 10. c4 cxd4 11. Nxd4 Nxd4 12. Bxd4 Bd7 13. Nc3 Bc6 14. a3 a5
15. Qd3 Qc7 16. Be5 Qb6 17. Qg3 O-O 18. Rad1 Rfd8 19. Rxd8+ Qxd8 20. Rd1 Qb6
21. Bd4 Qb3 22. Rd3 Qc2 23. b4 axb4 24. axb4 Nh5 25. Qe5 Bf6 26. Qxh5 Bxd4 27.
Rxd4 Qxc3 28. Qa5 Re8 29. Qb6 e5 30. Rd6 Be4 31. b5 h6 32. h3 Ra8 33. Rd8+ Rxd8
34. Qxd8+ Kh7 35. Qd7 f5 36. Qd6 f4 37. c5 f3 38. g3 Qc1 39. h4 Qc3 40. h5 Qc1
41. c6 bxc6 42. bxc6 Qxc6 1/2-1/2

[Event "3rd Washington Int 2014"]
[Site "Rockville USA"]
[Date "2014.08.13"]
[Round "8.3"]
[White "Chirila, I."]
[Black "Sevian, Samuel"]
[Result "1/2-1/2"]
[WhiteElo "2515"]
[BlackElo "2454"]
[PlyCount "145"]
[EventDate "2014.08.09"]
[EventType "swiss"]
[EventRounds "9"]
[EventCountry "USA"]
[Source "Mark Crowther"]
[SourceDate "2014.08.18"]

1. d4 d5 2. c4 e6 3. Nf3 Nf6 4. Nc3 c6 5. Qd3 dxc4 6. Qxc4 b5 7. Qd3 a6 8. e4
c5 9. dxc5 Qxd3 10. Bxd3 Bxc5 11. e5 Nfd7 12. Be4 Ra7 13. Bd2 O-O 14. Rc1 Bb6
15. Ke2 Nc5 16. b4 Nxe4 17. Nxe4 Bb7 18. Be3 Bxe3 19. Kxe3 a5 20. a4 bxa4 21.
b5 Bxe4 22. Kxe4 Rb7 23. Nd4 Nd7 24. Rc6 g6 25. Rhc1 Rfb8 26. Ra6 Rxb5 27. Nxb5
Rxb5 28. Ra8+ Kg7 29. f4 a3 30. Ra1 Nb6 31. Ra7 Rb4+ 32. Kd3 Rxf4 33. Rxa5 Rf2
34. R5xa3 Rxg2 35. Ra7 Rf2 36. R1a6 Nd5 37. Rxe6 Nf4+ 38. Ke3 Nxe6 39. Kxf2 g5
40. Kf3 Kg6 41. Ke4 h6 42. Kd5 h5 43. Re7 h4 44. Ke4 g4 45. Re8 g3 46. hxg3
hxg3 47. Rg8+ Ng7 48. Kf3 f6 49. e6 Kh7 50. Rf8 Nxe6 51. Rxf6 Ng5+ 52. Kg2 Kg7
53. Ra6 Ne4 54. Kf3 Nf6 55. Kxg3 Kf7 56. Kf4 Ke7 57. Ke5 Nd7+ 58. Kd4 Nf6 59.
Ke5 Nd7+ 60. Kf5 Kf7 61. Re6 Nc5 62. Re5 Nd7 63. Re1 Nf8 64. Ra1 Nd7 65. Ra6
Ke7 66. Re6+ Kf7 67. Rc6 Ke7 68. Ke4 Nf6+ 69. Kf5 Nd7 70. Rh6 Nf8 71. Rh8 Kf7
72. Rh2 Ke7 73. Ke4 1/2-1/2